[Event "Krakow Olimpic op"]
[Site "Krakow"]
[Date "2019.10.06"]
[Round "4"]
[White "Czyzykiewicz, Rafal"]
[Black "Klementys, Jerzy"]
[Result "1/2-1/2"]
[WhiteElo "1735"]
[BlackElo "1642"]
[PlyCount "54"]
[EventDate "2019.10.04"]
[EventType "swiss"]
[EventRounds "5"]
[EventCountry "POL"]
[SourceTitle "EXT 2020"]
[Source "ChessBase"]
[SourceDate "2019.10.17"]
[SourceVersion "1"]
[SourceVersionDate "2019.10.17"]
[SourceQuality "1"]

1. e4 c5 2. c3 d5 3. exd5 Qxd5 4. d4 Nc6 5. Nf3 Bg4 6. Be2 e6 7. 0-0 cxd4 8. cxd4 Nf6 9. h3 Bh5 10. Nc3 Qa5 11. a3 Be7 12. Be3 0-0 13. Qb3 Qb6 14. Qxb6 axb6 15. d5 Nxd5 16. Nxd5 exd5 17. Rfd1 Bf6 18. Rxd5 Bxf3 19. Bxf3 Bxb2 20. Rb1 Bxa3 21. Rxb6 Na5 22. Be2 Rfc8 23. Rd7 Bc5 24. Bxc5 Rxc5 25. Bf3 g6 26. Rf6 Rf8 27. Bxb7 Nxb7 1/2-1/2

[Event "Krakow Olimpic op"]
[Site "Krakow"]
[Date "2019.10.05"]
[Round "3"]
[White "Gahan, MG."]
[Black "Czyzykiewicz, Rafal"]
[Result "1-0"]
[WhiteElo "2185"]
[BlackElo "1735"]
[PlyCount "101"]
[EventDate "2019.10.04"]
[EventType "swiss"]
[EventRounds "5"]
[EventCountry "POL"]
[SourceTitle "EXT 2020"]
[Source "ChessBase"]
[SourceDate "2019.10.17"]
[SourceVersion "1"]
[SourceVersionDate "2019.10.17"]
[SourceQuality "1"]

1. e4 c6 2. d4 d5 3. e5 c5 4. dxc5 e6 5. a3 Qc7 6. Nf3 Bxc5 7. b4 Bb6 8. Bd3 Ne7 9. 0-0 Ng6 10. Re1 Nc6 11. Bb2 0-0 12. Nbd2 Bd7 13. c4 dxc4 14. Nxc4 Nce7 15. Rc1 Bc6 16. Nd6 Qd7 17. Ng5 h6 18. Nge4 Bxe4 19. Bxe4 Rab8 20. Qg4 Nxe5 21. Bxe5 f6 22. Ba1 Qxd6 23. Red1 h5 24. Qxh5 Qf4 25. Bh7+ Kh8 26. Bg6+ Qh6 27. Qxh6+ gxh6 28. Be4 Kg7 29. a4 Rfd8 30. a5 Rxd1+ 31. Rxd1 Rd8 32. Rxd8 Bxd8 33. Bxb7 e5 34. Bc3 Nf5 35. b5 Nd6 36. Bc6 Nc4 37. b6 Nxb6 38. axb6 Bxb6 39. Kf1 Kf7 40. Bd5+ Kg6 41. Ke2 Bc7 42. Be4+ f5 43. Bc2 e4 44. h3 h5 45. Ba4 Bb6 46. Be8+ Kg5 47. Bd2+ f4 48. h4+ Kg4 49. Bd7+ Kxh4 50. Bxf4 Bd8 51. g3# 1-0

[Event "Krakow op-B 29th"]
[Site "Krakow"]
[Date "2018.12.31"]
[Round "6"]
[White "Zielinski, Marcin"]
[Black "Czyzykiewicz, Rafal"]
[Result "0-1"]
[WhiteElo "1576"]
[BlackElo "1730"]
[PlyCount "81"]
[EventDate "2018.12.27"]
[EventType "swiss"]
[EventRounds "9"]
[EventCountry "POL"]
[SourceTitle "CBM 189 Extra"]
[Source "ChessBase"]
[SourceDate "2019.06.03"]
[SourceVersion "1"]
[SourceVersionDate "2019.06.03"]
[SourceQuality "1"]

1. d4 Nf6 2. c4 c5 3. d5 b5 4. cxb5 a6 5. b6 e6 6. Nc3 Nxd5 7. Nxd5 exd5 8. Qxd5 Nc6 9. e4 Be7 10. Bc4 0-0 11. Nf3 Rb8 12. 0-0 Rxb6 13. Be3 d6 14. Qd2 Bg4 15. Be2 Bf6 16. Rab1 Re8 17. Rfd1 Bxf3 18. Bxf3 Nd4 19. Bxd4 Bxd4 20. b3 Qf6 21. Rbc1 Rb4 22. Rc2 a5 23. Kf1 Qe5 24. g3 Reb8 25. Rb1 a4 26. Qd3 Qe6 27. Bd1 axb3 28. axb3 Rxb3 29. Rxb3 Rxb3 30. Qa6 Rb8 31. Qa7 Re8 32. Re2 h5 33. Qb7 h4 34. Kg2 h3+ 35. Kf1 Qf6 36. Bb3 Qf3 37. Ra2 Qh1+ 38. Ke2 Rxe4+ 39. Kd3 Re3+ 40. fxe3 Qxb7 41. Bc4 0-1

[Event "Krakow op-B 28th"]
[Site "Krakow"]
[Date "2018.01.02"]
[Round "7"]
[White "Czyzykiewicz, Rafal"]
[Black "Konyves, Almos"]
[Result "1-0"]
[WhiteElo "1756"]
[BlackElo "1747"]
[PlyCount "55"]
[EventDate "2017.12.27"]
[EventType "swiss"]
[EventRounds "9"]
[EventCountry "POL"]
[SourceTitle "CBM 182 Extra"]
[Source "ChessBase"]
[SourceDate "2018.02.23"]
[SourceVersion "1"]
[SourceVersionDate "2018.02.23"]
[SourceQuality "1"]

1. e4 e5 2. Nf3 Nc6 3. d4 exd4 4. Bc4 Nf6 5. e5 d5 6. Bb5 Ne4 7. Nxd4 Bc5 8. 0-0 Bd7 9. Bxc6 bxc6 10. f3 Ng5 11. f4 Ne4 12. Be3 Rb8 13. Nd2 Nxd2 14. Qxd2 0-0 15. c3 Qe7 16. b4 Bb6 17. Nb3 Bxe3+ 18. Qxe3 f6 19. Qxa7 fxe5 20. fxe5 Qxe5 21. Qd4 Qe2 22. Rf2 Qh5 23. a4 Rxf2 24. Qxf2 Qe5 25. Rf1 Be6 26. Nc5 Qd6 27. a5 Rf8 28. Qxf8+ 1-0